000 00503nam a2200193 a 4500
001 1756898384828
003 ACL
005 20250903170526.0
008 250903s1993##################000#0#eng##
020 _a9780521485586
082 0 4 _a780.92
_bNAT
100 1 _aBoulez, Pierre,
_eauthor.
245 1 0 _aThe Boulez-Cage Correspondence :
260 _bCambridge University Press,
_c1993.
300 _a192 pages
650 0 _aBiography & Autobiography.
942 _cENGLISH
040 _aACL
_beng
_cACL
999 _c585252
_d585252